Statistics for Types of dolls picture quiz

Click here to take the quiz!

General Stats

  • This quiz has been taken 42 times
  • The average score is 6 of 20

Answer Stats

Answer% Correct
Barbie doll
97%
Troll doll
89%
Paper doll
71%
Bratz doll
69%
Rag doll
54%
Voodoo doll
54%
Corn husk dolly
31%
Kewpie doll
31%
Porcelain doll
26%
Matryoshka doll
23%
Amish doll
17%
Guatemalan Worry doll
11%
Daruma doll
6%
Apple doll
3%
Inuit doll
3%
Thanjavur doll
3%
Akuaba doll
0%
Hopi Kachina doll
0%
Lupita doll
0%
Peg wooden doll
0%

Score Distribution

Percentile by Number Answered

Percent of People with Each Score

Your Score History

You have not taken this quiz